<?xml version="1.0" encoding="UTF-8"?>
<record
    xmlns:xsi="http://www.w3.org/2001/XMLSchema-instance"
    xsi:schemaLocation="http://www.loc.gov/MARC21/slim http://www.loc.gov/standards/marcxml/schema/MARC21slim.xsd"
    xmlns="http://www.loc.gov/MARC21/slim">

  <leader>00751nam a22002057a 4500</leader>
  <controlfield tag="005">20130725152225.0</controlfield>
  <controlfield tag="008">130725b        gt ||||| |||| 00| 0 spa d</controlfield>
  <datafield tag="020" ind1=" " ind2=" ">
    <subfield code="a">9789929587311</subfield>
  </datafield>
  <datafield tag="041" ind1=" " ind2=" ">
    <subfield code="a">spa</subfield>
  </datafield>
  <datafield tag="044" ind1=" " ind2=" ">
    <subfield code="a">gt</subfield>
  </datafield>
  <datafield tag="082" ind1=" " ind2=" ">
    <subfield code="a">333.728</subfield>
    <subfield code="b">C74p</subfield>
  </datafield>
  <datafield tag="110" ind1=" " ind2=" ">
    <subfield code="a">Consejo Nacional de &#xC1;reas Protegidas - CONAP</subfield>
    <subfield code="9">996</subfield>
  </datafield>
  <datafield tag="245" ind1=" " ind2=" ">
    <subfield code="a">Pol&#xED;tica Nacional de Diversidad Biol&#xF3;gica Guatemala 2011</subfield>
    <subfield code="c">Consejo Nacional de &#xC1;reas Protegidas - CONAP</subfield>
  </datafield>
  <datafield tag="260" ind1=" " ind2=" ">
    <subfield code="a">Guatemala </subfield>
    <subfield code="b">Consejo Nacional de &#xC1;reas Protegidas - CONAP</subfield>
    <subfield code="c">2011 </subfield>
  </datafield>
  <datafield tag="300" ind1=" " ind2=" ">
    <subfield code="a">41 p.,</subfield>
    <subfield code="c">27 cm.</subfield>
  </datafield>
  <datafield tag="650" ind1=" " ind2="6">
    <subfield code="a">Pol&#xED;tica Ambiental</subfield>
    <subfield code="z">Guatemala</subfield>
    <subfield code="9">1039</subfield>
  </datafield>
  <datafield tag="650" ind1=" " ind2="6">
    <subfield code="a">Gesti&#xF3;n del medio ambiente</subfield>
    <subfield code="z">Guatemala</subfield>
    <subfield code="9">1040</subfield>
  </datafield>
  <datafield tag="650" ind1=" " ind2="6">
    <subfield code="a">Conservaci&#xF3;n de los recursos naturales</subfield>
    <subfield code="z">Guatemala</subfield>
    <subfield code="9">1041</subfield>
  </datafield>
  <datafield tag="942" ind1=" " ind2=" ">
    <subfield code="2">ddc</subfield>
    <subfield code="c">IMPRESO</subfield>
  </datafield>
  <datafield tag="999" ind1=" " ind2=" ">
    <subfield code="c">7472</subfield>
    <subfield code="d">7472</subfield>
  </datafield>
  <datafield tag="952" ind1=" " ind2=" ">
    <subfield code="0">0</subfield>
    <subfield code="1">0</subfield>
    <subfield code="2">ddc</subfield>
    <subfield code="4">0</subfield>
    <subfield code="7">0</subfield>
    <subfield code="8">GENERAL</subfield>
    <subfield code="I">INV2017</subfield>
    <subfield code="a">Bogota</subfield>
    <subfield code="b">Bogota</subfield>
    <subfield code="d">2013-07-25</subfield>
    <subfield code="e">Instituto</subfield>
    <subfield code="g">39000.00</subfield>
    <subfield code="l">0</subfield>
    <subfield code="o">LB 333.728 C74p</subfield>
    <subfield code="p">028539</subfield>
    <subfield code="r">2013-07-25 00:00:00</subfield>
    <subfield code="t">Ej. 1</subfield>
    <subfield code="w">2013-07-25</subfield>
    <subfield code="y">LIBRO</subfield>
  </datafield>
</record>
